| 000 | 00649nam a2200205 i 4500 | ||
|---|---|---|---|
| 001 | 89270 | ||
| 003 | ES-MaACL | ||
| 005 | 20230906180131.0 | ||
| 007 | t| | ||
| 008 | 050105q1945 sp |||| | spa d | ||
| 100 | 1 |
_aDe la Roche, Mazo. _943058 |
|
| 245 | 1 | 0 |
_aEn su propia casa / _cpor Mazo De la Roche ; [versión castellana, Juan Antonio Antequera]. |
| 260 |
_aMadrid : _bLa Nave, _c[1945?] ( _fSelecciones Gráficas) |
||
| 300 |
_a390 p. ; _c16 cm. |
||
| 490 | 1 |
_aLa Nave. Serie B ; _v116 |
|
| 700 | 1 |
_aAntequera, Juan Antonio. _921876 |
|
| 830 | 0 |
_aLa Nave. Serie B ; _v116 _9181778 |
|
| 852 |
_aES-MaACL _jD-6706 |
||
| 999 |
_c89270 _d89270 |
||